000 00953nam0a22002651 4500
001 rc\2778682
005 20250810050239.0
035 _a(NLR Aleph) 006904934
090 _a7286656
_c7286656
100 _a20110915d1942 u y0rusy50 ca
101 0 _arus
102 _aRU
105 _ay z |||||
200 1 _aУборка и хранение сена
210 _aМосква
_cНаркомпрос РСФСР
_d1942
215 _a26 с.
_d15 см.
225 1 _aВ помощь школьнику
_f[Упр. нач. и сред. школ НКП РСФСР. Центр. станция юных натуралистов и опытников сел. хоз-ва]
700 1 _aЩукин
_bС.В.
_gСергей Васильевич
801 0 _aRU
_bNLR
_gpsbo
801 1 _aRU
_bELAR
_2rusmarc
852 _aNLR
_j69-1/578
942 _cBOOK
945 _aРоссийская национальная библиотека
980 _aNB
980 _aBV